000 00703nam a22002417a 4500
003 UA-OsUOA
001 44777
007 ta
008 20110216b un ||||| |||| 00| 0 ukr d
100 _aДжугало С.
090 _a82-94
_bД42
942 _cBR
040 _aUA-OsUOA
_bukr
_cUA-OsUOA
_dUA-OsUOA
245 _aЗа лаштунками вертепу ЗЧ ОУН
300 _a43 с.
955 _a4
041 _aukr
080 _a82-94
260 _aК.
_bУкраїна
_c1973
650 7 _a82 Література. Літературознавство
_2UDC
999 _c424879
_d424879